|
|
|
|
| LEADER |
00000nam a2200000Ii 4500 |
| 001 |
DIGUCAUCA0120 |
| 003 |
NyNyDIG |
| 006 |
m o d |
| 007 |
cr ||||||||||| |
| 008 |
220503s2020 ck ob 000 0 spa d |
| 035 |
|
|
|a (OCoLC)1301903521
|
| 040 |
|
|
|a DGITA
|b eng
|e rda
|e pn
|c DGITA
|
| 020 |
|
|
|a 9789587324433
|q eBook
|q pdf
|
| 020 |
|
|
|z 9789587324426
|
| 050 |
1 |
4 |
|a TK5101 ebook
|
| 082 |
0 |
4 |
|a 621.382
|
| 100 |
1 |
|
|a Ramírez Viáfara, Jesús Mauricio,
|e author.
|
| 245 |
1 |
0 |
|a Telecomunicaciones digitales /
|c Jesús Mauricio Ramírez Viáfara, Harold Armando Romo Romero, María Manuela Silva Zambrano.
|
| 250 |
|
|
|a Primera edición en Castellano.
|
| 264 |
|
1 |
|a Popayán, Colombia :
|b editorial UC, Editorial Universidad del Cauca,
|c 2020.
|
| 300 |
|
|
|a 1 online resource.
|
| 336 |
|
|
|a text
|b txt
|2 rdacontent
|
| 337 |
|
|
|a computer
|b c
|2 rdamedia
|
| 338 |
|
|
|a online resource
|b cr
|2 rdacarrier
|
| 347 |
|
|
|a text file
|2 rdaft
|
| 347 |
|
|
|b PDF
|
| 500 |
|
|
|a "Convocatoria 2018 investigación".
|
| 504 |
|
|
|a Includes bibliographical references.
|
| 588 |
0 |
|
|a Online resource; title from PDF title page (Digitalia, viewed May 3, 2022)
|
| 650 |
|
0 |
|a Digital communications.
|
| 650 |
|
0 |
|a Telecommunication.
|
| 655 |
|
0 |
|a Electronic books.
|
| 700 |
1 |
|
|a Romo Romero, Harold Armando,
|e author.
|
| 700 |
1 |
|
|a Silva Zambrano, María Manuela,
|e author.
|
| 791 |
2 |
|
|a Digitalia (Firm),
|e distributor.
|
| 793 |
0 |
|
|g Digitalia eBook Collection:
|a Editorial Universidad del Cauca
|
| 776 |
0 |
8 |
|i Print version:
|a Ramírez Viáfara, Jesús Mauricio.
|t Telecomunicaciones digitales.
|b Primera edición en Castellano.
|d Popayán, Colombia : editorial UC, Editorial Universidad del Cauca, 2020
|z 9789587324426
|
| 856 |
4 |
0 |
|3 Digitalia Hispánica
|u https://www.digitaliapublishing.com/a/111411/
|
| 910 |
|
|
|a Premium collection: 2022
|